Statistics for Countries With More than 90% Internet Users - Extreme

Click here to take the quiz!

General Stats

  • This quiz has been taken 28 times
  • The average score is 20 of 34

Answer Stats

HintAnswer% Correct
96.6%UK
92%
93.3%Germany
88%
92.4%U.S.A
88%
97.7%Finland
85%
94.2%Japan
85%
92.4%Denmark
81%
99.9%Iceland
81%
94.8%Norway
81%
95.4%South Korea
81%
91.3%Sweden
81%
91.4%Switzerland
81%
102.4%Monaco
77%
90.7%Netherlands
77%
91.9%Taiwan
77%
91.2%Estonia
73%
95.3%Liechtenstein
73%
97.5%New Zealand
73%
95.2%UAE
73%
96.3%Andorra
69%
92.2%France
69%
97.8%Bahrain
65%
94.2%Qatar
65%
95.4%Kuwait
58%
90.6%Poland
54%
96.9%Saudi Arabia
54%
91.3%Brunei
46%
93.8%St Kitts
31%
93.0%Hong Kong
19%
90.2%Macau
19%
91.7%Georgia
15%
99.5%Gibraltar
8%
94.0%Bermuda
4%
96.0%Aruba
0%
90.9%Faroe Islands
0%

Score Distribution

Percentile by Number Answered

Percent of People with Each Score

Your Score History

You have not taken this quiz